Les Teams E-Sport Fortnite 2025 - Statistiques

Statistiques générales
  • Ce quiz a été pris 209 fois
  • Le résultat moyen est 11 sur 25
Statistiques - réponses
Nom de la Team Joueur % Correct
Havok Pixie
78%
Havok Snayzy
77%
Havok Wox
73%
Gentle Mates Merstach
72%
Gentle Mates Podasai
72%
Gentle Mates Vanyak
71%
Gentle Mates Akiira
64%
Falcons Peterbot
61%
Solary Kurama
57%
Solary Floki
54%
Gentle Mates XSweeze
52%
XSet Clix
51%
Havok Nxthan
47%
XSet Veno
46%
Galions Clement
43%
Solary Skyjump
41%
Havok Dela
39%
Galions Kyzen
31%
Gentle Mates Nikof
28%
XSet Muz
21%
Falcons Chico
17%
Solary Revenja
10%
Falcons T3eny
8%
XSet Edgey
5%
XSet Moxie
1%
Aucun quiz correspondant
Distribution des résultats
% des personnes avec chaque résultat
Percentile par nombre de réponses
Votre historique - résultats
Vous n’avez pas pris ce quiz